000 00582nam a2200205 a 4500
001 000025066
005 20200930023537.0
008 110201s1968 mx r 000 p spa d
040 _aDO-SdBNP
_bspa
_cBNPHU
082 _aM861.44
_bB344e
100 1 _aBañuelos, Juan
_951440
245 1 0 _aEspejo humeante /
_cJuan Bañuelos.
260 _aMéxico, D. F. :
_bJoaquín Mortiz,
_c1968.
300 _a120 p. ;
_c22 cm.
490 1 _aLas Dos Orillas
650 4 _aPoesía mejicana
_951441
650 4 _aLiteratura mexicana
_91922
830 0 _aLas Dos Orillas
_914092
049 _aBNGR
999 _c24559
_d24559